000 00465cam a22001577a 4500
008 180718b1996 xxu||||| |||| 00| 0 eng d
082 _aT478x54 R14
100 _aRamachandran, K.S.
245 _aReform: the unfolding story
_cby K.S. Ramachandran
260 _aDelhi
_bKonark
_c1996
300 _a105p.
650 _aPolitical corruption - India
650 _aIndia - Economic policy
650 _aInvestments, Foreign - India
650 _aLiberalization - India
999 _c381034
_d381034